[Event "Morava-ch U16"]
[Site "Bystrice nad Pernstejnem"]
[Date "2024.10.31"]
[Round "8"]
[White "Kadlec, Jaroslav"]
[Black "Skula, David"]
[Result "1/2-1/2"]
[WhiteElo "1550"]
[BlackElo "1774"]
[PlyCount "34"]
[EventDate "2024.10.26"]
[EventType "swiss"]
[EventRounds "9"]
[EventCountry "CZE"]
[SourceTitle "CB45_2024"]
[Source "ChessBase"]
[SourceDate "2024.11.06"]
[SourceVersion "1"]
[SourceVersionDate "2024.11.06"]
[SourceQuality "1"]

1. e4 d5 2. exd5 Qxd5 3. Nc3 Qa5 4. Nf3 Nf6 5. d4 c6 6. Bd3 Bg4 7. 0-0 e6 8. Ne4 Nxe4 9. Bxe4 Bd6 10. Qd2 Qxd2 11. Bxd2 0-0 12. c4 Nd7 13. Bc3 Nf6 14. Bc2 Bxf3 15. gxf3 c5 16. Kh1 cxd4 17. Bxd4 e5 1/2-1/2

[Event "Morava-ch U16"]
[Site "Bystrice nad Pernstejnem"]
[Date "2024.10.28"]
[Round "4"]
[White "Smekal, Lukas"]
[Black "Kadlec, Jaroslav"]
[Result "1-0"]
[WhiteElo "1862"]
[BlackElo "1550"]
[PlyCount "97"]
[EventDate "2024.10.26"]
[EventType "swiss"]
[EventRounds "9"]
[EventCountry "CZE"]
[SourceTitle "CB45_2024"]
[Source "ChessBase"]
[SourceDate "2024.11.06"]
[SourceVersion "1"]
[SourceVersionDate "2024.11.06"]
[SourceQuality "1"]

1. e4 c5 2. Nf3 d6 3. d4 cxd4 4. Nxd4 Nf6 5. Nc3 Nc6 6. Bg5 e5 7. Bxf6 Qxf6 8. Nd5 Qd8 9. Nb5 Qa5+ 10. c3 Rb8 11. b4 Qxb5 12. Bxb5 Be6 13. Nc7+ Kd8 14. Nxe6+ fxe6 15. Bxc6 bxc6 16. Qg4 Kd7 17. 0-0 Rg8 18. f4 exf4 19. Rxf4 Re8 20. Raf1 h6 21. Rf7+ Be7 22. Rxg7 Rxg7 23. Qxg7 h5 24. Qd4 Ra8 25. Rf7 e5 26. Qd3 Re8 27. Qh3+ Kc7 28. Qxh5 Kd8 29. Qf5 Kc7 30. Qe6 Kb6 31. Rxe7 Rxe7 32. Qxe7 d5 33. exd5 cxd5 34. Qc5+ Kb7 35. Qxd5+ Kb6 36. Qxe5 Kc6 37. Qc5+ Kd7 38. Qxa7+ Ke6 39. Qd4 Kf5 40. a4 Ke6 41. a5 Kf5 42. a6 Ke6 43. a7 Kf5 44. a8Q Ke6 45. Qad5+ Ke7 46. Q5e5+ Kf7 47. Qdd6 Kg8 48. Qee7 Kh8 49. Qdd8# 1-0